000 00685nam a2200241Ia 4500
003 OSt
005 20220928104849.0
006 a|||||r|||| 00| 0
007 ta
008 220927b |||||||| |||| 00| 0 eng d
024 _a35225
037 _cTextual
040 _aSDCL
_cSDCL
_beng
041 _2eng
_aeng
082 _aQ3:(R411), L2
100 _aSinha Vashishthnarayan
_9412564
245 0 _aJain dharm mein ahinsa.
260 _aAmritsar
_bSohanlal Jaindharm Pracharak Samiti
_c1972
300 _a312p.
_ccm.
490 _aPaarsavanath vidyasharm granthmala. 17
942 _hQ3:(R411), L2
_cTEXL
_2CC
999 _c728291
_d728291